GCSE AQA English: Power & Conflict Quote to Poem - Statistics

General Stats
  • This quiz has been taken 3,309 times
    2,996 since last reset
  • The average score is 19 of 30
Answer Stats
Quote Poem % Correct
'Noble six hundred!' The Charge of the Light Brigade
86%
'His bloody life in my bloody hands' Remains
82%
'I met a traveller from an antique land' Ozymandias
81%
'In his darkroom he is finally alone' War Photographer
80%
'Which had been the better way to die' Kamikaze
79%
'Paper that lets the light' Tissue
79%
'Dem tell me' Checking Out Me History
78%
'I wonder through each chartered street' London
78%
'That’s my last Duchess painted on the wall' My Last Duchess
72%
'Three days before Armistice Sunday' Poppies
72%
'There was once a country... I left it as a child' The Emigrée
72%
'Half a league, half a league' The Charge of the Light Brigade
71%
'Your playground voice catching on the wind' Poppies
70%
'Her father embarked at sunrise' Kamikaze
68%
'The lone and level sands stretch far away' Ozymandias
68%
'But nothing happens' Exposure
67%
'I carving out me identity' Checking Out Me History
66%
'Our brains ache, in the merciless iced east winds that knive us' Exposure
66%
'And blights with plagues the marriage hearse' London
66%
'His terror's touchy dynamite' Bayonet Charge
61%
'One summer evening (led by her) I found' The Prelude
61%
'Turned into your skin' Tissue
59%
'We are prepared: we build our houses squat' Storm on the Island
57%
'Suddenly he awoke and was running - raw' Bayonet Charge
55%
'Strange, it is a huge nothing that we fear' Storm on the Island
51%
'On another occasion, we get sent out' Remains
49%
'Which Claus of Innsbruck cast in bronze for me!' My Last Duchess
43%
'He earns his living and they do not care' War Photographer
41%
'And my shadow falls as evidence of sunlight' The Emigrée
35%
'By day, and were a trouble to my dreams' The Prelude
32%
No matching quizzes found
Score Distribution
Percent of People with Each Score
Percentile by Number Answered
Your Score History
You have not taken this quiz since the last reset